000 00645nam a2200217Ia 4500
003 OSt
005 20221007081958.0
006 a|||||r|||| 00| 0
007 ta
008 221006b |||||||| |||| 00| 0 eng d
024 _a3,118
037 _cTextual
040 _aFLL
_cFLL
_beng
041 _2eng
_aeng
082 _aZ1:A, J8;2
100 _aStone Julius Au.
_9683543
245 0 _aAggression and world order
_b A critique of United Nations theories of aggression
260 _aSydney
_bMaitland Publications Pty., Ltd. India
_c1958
942 _hZ1:A, J8;2
_cTEXL
_2CC
999 _c1164927
_d1164927